[Event "Guernsey op 47th"]
[Site "St James"]
[Date "2023.10.15"]
[Round "1"]
[White "Hertog, Alexander"]
[Black "Heppell, Ian"]
[Result "1-0"]
[WhiteElo "1626"]
[BlackElo "1944"]
[PlyCount "57"]
[EventDate "2023.10.15"]
[EventType "swiss"]
[EventRounds "7"]
[EventCountry "GCI"]
[SourceTitle "EXT 2025"]
[Source "ChessBase"]
[SourceDate "2024.10.14"]
[SourceVersion "1"]
[SourceVersionDate "2024.10.14"]
[SourceQuality "1"]

1. d4 d6 2. Nf3 f5 3. b3 Nf6 4. Bb2 g6 5. g3 Bg7 6. Bg2 0-0 7. 0-0 c6 8. c4 Qc7 9. Nbd2 Re8 10. Re1 e5 11. dxe5 dxe5 12. e4 Nbd7 13. b4 f4 14. Qb3 Nf8 15. Ng5 fxg3 16. c5+ Ne6 17. hxg3 h6 18. Ngf3 Ng4 19. Bh3 h5 20. Nc4 Kh7 21. Nd6 Re7 22. Kg2 Bd7 23. Bxg4 hxg4 24. Rh1+ Kg8 25. Nxe5 Be8 26. Nxg4 Bf7 27. Bxg7 Nf4+ 28. gxf4 Bxb3 29. Bd4 1-0

[Event "CZE-ch Seniors 65"]
[Site "Olomouc"]
[Date "2023.08.19"]
[Round "9"]
[White "Heppell, Ian"]
[Black "Fiser, Jiri1"]
[Result "1/2-1/2"]
[WhiteElo "1946"]
[BlackElo "1821"]
[PlyCount "31"]
[EventDate "2023.08.12"]
[EventType "swiss"]
[EventRounds "9"]
[EventCountry "CZE"]
[SourceTitle "CBM 216 Extra"]
[Source "ChessBase"]
[SourceDate "2023.11.30"]
[SourceVersion "1"]
[SourceVersionDate "2023.11.30"]
[SourceQuality "1"]

1. e4 c5 2. Nf3 Nc6 3. c3 d6 4. d4 Nf6 5. Bd3 e5 6. 0-0 Be7 7. Nbd2 0-0 8. h3 a6 9. dxc5 dxc5 10. Nc4 Qc7 11. a4 b6 12. Qe2 h6 13. Be3 Bb7 14. Na3 Na5 15. Nd2 Rfd8 16. Rfd1 1/2-1/2

[Event "Guernsey op 46th"]
[Site "St James"]
[Date "2022.10.22"]
[Round "7"]
[White "Hafthorsson, Jon Ulfur"]
[Black "Heppell, Ian"]
[Result "1/2-1/2"]
[WhiteElo "1327"]
[BlackElo "1999"]
[PlyCount "34"]
[EventDate "2022.10.16"]
[EventType "swiss"]
[EventRounds "7"]
[EventCountry "GCI"]
[SourceTitle "EXT 2024"]
[Source "ChessBase"]
[SourceDate "2023.10.10"]
[SourceVersion "1"]
[SourceVersionDate "2023.10.10"]
[SourceQuality "1"]

1. e4 e5 2. Nc3 Nf6 3. f4 d5 4. fxe5 Nxe4 5. Qf3 Nc6 6. Bb5 Nxc3 7. bxc3 Be7 8. d4 0-0 9. Bd3 Be6 10. Ne2 Qd7 11. 0-0 Bg4 12. Qg3 f6 13. Qh4 f5 14. Bg5 Bxe2 15. Bxe2 Qd8 16. Bxe7 Qxe7 17. Qxe7 Nxe7 1/2-1/2

[Event "Bad Woerishofen Seniors op 36th"]
[Site "Bad Woerishofen"]
[Date "2020.03.07"]
[Round "2"]
[White "Bauer, Wolfgang2"]
[Black "Heppell, Ian"]
[Result "1/2-1/2"]
[WhiteElo "1872"]
[BlackElo "2029"]
[PlyCount "32"]
[EventDate "2020.03.05"]
[EventType "swiss"]
[EventRounds "9"]
[EventCountry "GER"]
[SourceTitle "CBM 195 Extra"]
[Source "ChessBase"]
[SourceDate "2020.05.31"]
[SourceVersion "1"]
[SourceVersionDate "2020.05.31"]
[SourceQuality "1"]

1. Nf3 d6 2. d4 f5 3. g3 Nf6 4. Bg2 g6 5. 0-0 Bg7 6. c4 0-0 7. Nc3 Qe8 8. d5 Na6 9. Nd4 Bd7 10. Rb1 c6 11. b4 Nxb4 12. Nxf5 gxf5 13. Rxb4 Rb8 14. Qb3 Qc8 15. dxc6 bxc6 16. Bd2 Rxb4 1/2-1/2

[Event "London CSC 5-Day U2050 op 10th"]
[Site "London"]
[Date "2018.12.09"]
[Round "1"]
[White "Heppell, Ian"]
[Black "Jacobs, Robert"]
[Result "0-1"]
[WhiteElo "2028"]
[BlackElo "1819"]
[PlyCount "56"]
[EventDate "2018.12.09"]
[EventType "swiss"]
[EventRounds "5"]
[EventCountry "ENG"]
[SourceTitle "EXT 2020"]
[Source "ChessBase"]
[SourceDate "2019.10.17"]
[SourceVersion "1"]
[SourceVersionDate "2019.10.17"]
[SourceQuality "1"]

1. e4 c5 2. Nc3 Nc6 3. f4 e6 4. Nf3 Nge7 5. d3 d6 6. g3 g6 7. Bg2 Bg7 8. 0-0 0-0 9. g4 f5 10. gxf5 exf5 11. Qe1 Nd4 12. Nxd4 cxd4 13. Ne2 Qb6 14. Kh1 Bd7 15. c4 fxe4 16. Bxe4 Rae8 17. Ng3 Bc6 18. Qf2 d5 19. cxd5 Nxd5 20. Qg2 Nb4 21. Rf3 Qa6 22. Bd2 Bxe4 23. dxe4 Nc2 24. Rc1 d3 25. Bc3 Bxc3 26. bxc3 Rd8 27. f5 d2 28. Rd1 Ne1 0-1

[Event "Jersey op"]
[Site "St Clement Bay"]
[Date "2018.04.07"]
[Round "9.13"]
[White "Heppell, Ian"]
[Black "Okhai, Shabir"]
[Result "1/2-1/2"]
[WhiteElo "2035"]
[BlackElo "2090"]
[PlyCount "46"]
[EventDate "2018.03.31"]
[EventType "swiss"]
[EventRounds "9"]
[EventCountry "GCI"]
[SourceTitle "CBM 183 Extra"]
[Source "ChessBase"]
[SourceDate "2018.04.19"]
[SourceVersion "1"]
[SourceVersionDate "2018.04.19"]
[SourceQuality "1"]

1. f4 d5 2. Nf3 Nf6 3. g3 c5 4. Bg2 Nc6 5. d3 e6 6. 0-0 Qb6 7. Nc3 d4 8. Ne4 Nxe4 9. dxe4 c4 10. b3 c3 11. Kh1 Bc5 12. a3 a5 13. Qd3 Qa6 14. g4 Qxd3 15. exd3 h5 16. g5 g6 17. Nh4 Ne7 18. Nf3 b5 19. f5 Ra6 20. Bf4 0-0 21. Be5 exf5 22. Nxd4 fxe4 23. Bxe4 b4 1/2-1/2

[Event "Guernsey op 43rd"]
[Site "Vale"]
[Date "2017.10.19"]
[Round "5"]
[White "Hoogland, Dirk"]
[Black "Heppell, Ian"]
[Result "1-0"]
[WhiteElo "2098"]
[BlackElo "2034"]
[PlyCount "77"]
[EventDate "2017.10.15"]
[EventType "swiss"]
[EventRounds "7"]
[EventCountry "GCI"]
[SourceTitle "CBM 181 Extra"]
[Source "ChessBase"]
[SourceDate "2017.12.12"]
[SourceVersion "1"]
[SourceVersionDate "2017.12.12"]
[SourceQuality "1"]

1. c4 e5 2. g3 Nc6 3. Nc3 f5 4. Nf3 Nf6 5. d4 d6 6. Bg5 e4 7. Nh4 Be7 8. Ng2 0-0 9. e3 Qe8 10. Nf4 Bd7 11. Be2 Nd8 12. Qb3 c6 13. h4 Rb8 14. a4 Ne6 15. Qd1 Nxf4 16. Bxf4 Rd8 17. d5 c5 18. Kf1 Bc8 19. Kg2 Qf7 20. Rb1 Ne8 21. Bh5 g6 22. Be2 Qg7 23. g4 fxg4 24. Bg3 Nf6 25. Qc2 Nh5 26. Nxe4 Bf5 27. Bd3 Nxg3 28. Nxg3 Bxd3 29. Qxd3 Qf7 30. Qe2 h5 31. b4 cxb4 32. Rxb4 b6 33. a5 bxa5 34. Rb7 Rb8 35. Rxa7 Qf3+ 36. Qxf3 gxf3+ 37. Kh3 Bd8 38. Ne4 Rb2 39. Rg1 1-0

[Event "Guernsey op 43rd"]
[Site "Vale"]
[Date "2017.10.18"]
[Round "4"]
[White "Heppell, Ian"]
[Black "Enkhtuul, Altanulzii"]
[Result "0-1"]
[WhiteElo "2034"]
[BlackElo "2327"]
[PlyCount "70"]
[EventDate "2017.10.15"]
[EventType "swiss"]
[EventRounds "7"]
[EventCountry "GCI"]
[SourceTitle "CBM 181 Extra"]
[Source "ChessBase"]
[SourceDate "2017.12.12"]
[SourceVersion "1"]
[SourceVersionDate "2017.12.12"]
[SourceQuality "1"]

1. e4 Nf6 2. e5 Nd5 3. Nc3 e6 4. Bc4 Nb6 5. Be2 d6 6. Nf3 dxe5 7. Nxe5 Bd6 8. d4 0-0 9. 0-0 N8d7 10. Bf4 Nf6 11. Bf3 c6 12. Bg3 Nfd5 13. Ne4 Bc7 14. c4 Bxe5 15. dxe5 Nxc4 16. Qe2 Ncb6 17. Rfd1 Qe7 18. Nd6 f5 19. exf6 gxf6 20. Bg4 e5 21. Nf5 Bxf5 22. Bxf5 Kh8 23. Re1 Qf7 24. Rad1 Rae8 25. Qf3 Ne7 26. Bb1 Nbd5 27. Re4 Ng6 28. Qf5 Rd8 29. Rde1 Nde7 30. Qh5 Kg8 31. f4 f5 32. Rb4 Nd5 33. fxe5 Nxb4 34. e6 Qe7 35. Bxf5 Qc5+ 0-1

[Event "Guernsey op 43rd"]
[Site "Vale"]
[Date "2017.10.16"]
[Round "2"]
[White "Heppell, Ian"]
[Black "Ingham, H William"]
[Result "1/2-1/2"]
[WhiteElo "2034"]
[BlackElo "1817"]
[PlyCount "34"]
[EventDate "2017.10.15"]
[EventType "swiss"]
[EventRounds "7"]
[EventCountry "GCI"]
[SourceTitle "CBM 181 Extra"]
[Source "ChessBase"]
[SourceDate "2017.12.12"]
[SourceVersion "1"]
[SourceVersionDate "2017.12.12"]
[SourceQuality "1"]

1. e4 d6 2. d4 c6 3. Nc3 Nf6 4. f4 Qa5 5. Bd3 e5 6. Nf3 Bg4 7. Be3 exf4 8. Bxf4 Qb4 9. 0-0 Bxf3 10. Qxf3 Qxd4+ 11. Kh1 Nbd7 12. Ne2 Qb6 13. Ng3 Ne5 14. Qe2 Nfd7 15. a4 g6 16. Bc4 Bg7 17. Rad1 0-0 1/2-1/2